000 01312nam a2200289 i 4500
001 196324
003 ES-MaACL
005 20250721063453.0
008 240910b2024 sp ||||| |||| 00| 0 spa d
017 _aM 13641-2024
_bOficina Depósito Legal Madrid
020 _a9788470756887
040 _bspa
_cES-MaACL
245 _aJordi Teixidor :
_bEl papel de la pintura /
_cMaría Toledo Gutiérrez (editora)
260 _aMadrid :
_bFundación Juan March,
_c2024
300 _a235 páginas ;
_c19 cm
336 _2rdacontent
_atexto
337 _2rdamedia
_asin mediación
338 _2rdacarrier
_avolumen
520 _aEsta publicación reúne por primera vez, con carácter retrospectivo, la producción sobre papel de Jordi Teixidor. Las obras seleccionadas, realizadas entre 1963 y 2022, en su mayoría inéditas y algunas de ellas reunidas en series, son muestra de la evolución del artista abstracto.
700 1 _9175677
_aToledo Gutiérrez, María
_eedt
852 _aES-MaACL
_cDEPOJ
_jN-10132
_xEncuadernación rústica con solapas
_hDonación: Editorial
_9206265
942 _cMONOGRAFIA
_n0
999 _c196324
_d196324